000 02471nam0a2200361 4500
001 RU\NLR\BIBL_A\012823070
005 20221111153355.0
010 _a978-5-17-102334-8
_91500
021 _aRU
_bКН-П-22-018338
_9КН-П-22-1575
035 _a(NLR Aleph) 012823070
035 _a(RuMoRGB)011020274
090 _a12326970
_c12326970
100 _a20220620d2022 k y0rusy50 ca
101 0 _arus
102 _aRU
105 _aach z 000zy
181 0 _ai3
_baxxe
181 0 _ab2
_bxb2e
182 0 _an
200 1 _a1937. Большой террор
_eхроника одного года
_fАндрей Сульдин
203 _aТекст
_aИзображение
_bвизуальные
_cнепосредственные
210 _aМосква
_cАСТ
_d2022
215 _a317, [2] с.
_cил., портр., факс.
_d22
225 1 _aИстория в лицах и эпохах
330 _aРассказать обо всех жертвах сталинского режима ヨ невозможно. По самым осторожным оценкам, уже в январе 1937 года в тюрьмах и лагерях находилось 5 миллионов человек. Между январём 1937 и декабрём 1938 года было арестовано около 7 миллионов человек,расстреляно около 1 миллиона, умерло в заключении около 2 миллионов человек. Миллионы граждан СССР, в большинстве своём ヨ невинные, искренне желавшие благоденствия своей стране стали жертвами сфабрикованных процессов и абсурдных обвинений. В этой книге, сознанной на основе уникальных архивных материалов день за днем прослеживается работа механизма террора, жертвами которого вскоре станут и обвинители
333 _a12+
606 1 _aРепрессии политические
_yСССР
_z1930-ые гг.
_92533170
_3RU\NLR\AUTH\6601714009
686 1 _aТ3(2)7-3
700 1 _aСульдин
_bА. В.
_f1953-
_gАндрей Васильевич
942 _cBOOK
980 _aNB